Greatest Enemies of Greece - Statistics

General Stats
  • This quiz has been taken 38 times
  • The average score is 11 of 15
Answer Stats
Hint Answer % Correct
This country had to add "North" to its name because of Greece North Macedonia
97%
Country that defeated Greece in 1919-1922 War Turkey
94%
Greek polises fought this empire in the Battle of Marathon and Thermopylae Achaemenid Empire
88%
This hoxhaist country (together with others) briefly supported communists during the Greek civil war Albania
88%
Country Greece fought against in Second Balkan War Bulgaria
88%
Mussolini tried to conquere Greece (but we all know how it's ended)... Italy
88%
Saviors from the above, who later turned Greece into their province Romans
88%
And then this country occupied Greece for four years Nazi Germany
82%
Empire destroyed Byzantine Empire by conquering Constantinople Ottoman Empire
82%
We can only learn about the Greek war with this city state from the Homer's Iliad Troy
74%
The Catholic Pope organized the Crusaders who plundered Byzantium Papal States
59%
This city-state fought Greeks for Sicily Carthage
53%
Existence of this non-recognized nation approved the impossibility of the Enosis Northern Cyprus
50%
Greece intervented in this country after WWI, so it supported the above Soviet Union
38%
Tribes from the North that raided Greek ports as pirates Illyrians
21%
No matching quizzes found
Score Distribution
Percent of People with Each Score
Percentile by Number Answered
Your Score History
You have not taken this quiz